Loading...
Science - Biology | 0 | 7 | 0 | 0 | 70 | 67 | 89.57 | 1 | 4 |
History - European History | 0 | 6 | 1 | 0 | 55 | 59 | 80.67 | 2 | 6 |
Fine Arts - Other Fine Arts | 0 | 5 | 0 | 1 | 50 | 71 | 97.20 | 1 | 3 |
History - American History | 0 | 5 | 1 | 2 | 45 | 65 | 90.40 | 0 | 2 |
Fine Arts - Visual Fine Arts | 0 | 4 | 0 | 1 | 40 | 61 | 101.75 | 1 | 2 |
Fine Arts - Classical Music | 0 | 3 | 0 | 0 | 30 | 65 | 104.33 | 0 | 1 |
History - Other History | 0 | 3 | 0 | 1 | 30 | 76 | 87.00 | 0 | 1 |
History - World History | 0 | 3 | 1 | 0 | 25 | 35 | 66.67 | 2 | 3 |
Geography/Current Events | 0 | 3 | 1 | 1 | 25 | 99 | 112.00 | 0 | 0 |
Literature - World/Other Literature | 0 | 2 | 0 | 1 | 20 | 57 | 90.50 | 1 | 1 |
Literature - British Literature | 0 | 2 | 0 | 0 | 20 | 83 | 89.50 | 0 | 2 |
Social Science | 0 | 2 | 0 | 2 | 20 | 110 | 113.00 | 0 | 2 |
Philosophy | 0 | 1 | 0 | 0 | 10 | 60 | 60.00 | 1 | 1 |
Science - Chemistry | 0 | 1 | 0 | 0 | 10 | 88 | 88.00 | 0 | 0 |
Literature - European Literature | 0 | 1 | 1 | 0 | 5 | 74 | 74.00 | 0 | 1 |